Normal view
MARC view
Entry Personal Name
001 - CONTROL NUMBER
- control field: 22573
003 - CONTROL NUMBER IDENTIFIER
- control field: dpl
005 - DATE AND TIME OF LATEST TRANSACTION
- control field: 20100930152807.0
008 - FIXED-LENGTH DATA ELEMENTS
- fixed length control field: 100930|||a|||||| | ||| d
040 ## - CATALOGING SOURCE
- Original cataloging agency: dpl
- Transcribing agency: dpl
100 ## - HEADING--PERSONAL NAME
- Personal name: गुप्ता, सत्येंद्र
670 ## - SOURCE DATA FOUND
- Source citation: Work cat.: (dpl)34103: गुप्ता, सत्येंद्र, बातें कुछ अनकही /, 2009
670 ## - SOURCE DATA FOUND
- Source citation: Work cat.: (dpl)34103: गुप्ता, सत्येंद्र, बातें कुछ अनकही /, 2009
